书目信息 |
| 书名: | The language of early childhood | |
| 作者: | M.A.K. Halliday ; edited by Jonathan Webster. | |
| 分册号: | ||
| 分册名: | 出版地: | 北京 : |
|
| 出版社: | Peking University Press | |
| 出版时间: | 2007. | |
| 页数: | xxiii, 415 p. : | |
| 开本: | 23 cm. + | |
| 丛书名: | Collected works of M.A.K. Halliday | |
| 中图分类号: | ||
| 科图分类号: | ||
| 其他分类号: | H003 | |
| 主题词: | ||
| 电子资源: | ||
| 000 | 01105cam a2200313 a 4500 | |
| 001 | E1252733617 | |
| 005 | 20120419144040.07 | |
| 008 | 080225r20072004cc a b 001 0 eng d | |
| 020 | @a9787301130124 :@cCNY55.00. | |
| 040 | @aTSU@cTSU@dNUL | |
| 041 | 0 | @aeng@bchi |
| 050 | 04 | @aP118@b.H297 2004 |
| 082 | 04 | @a401/.93 @2 21 |
| 090 | @aH003/X6 | |
| 090 | @aH003 | |
| 092 | @b华现07-12/5-060@aCN | |
| 093 | @aH003 @2 4 | |
| 099 | @dH003@ex185 | |
| 100 | 1 | @aHalliday, M. A. K.@q(Michael Alexander Kirkwood),@d1925- |
| 245 | 14 | @aThe language of early childhood / @cM.A.K. Halliday ; edited by Jonathan Webster. |
| 246 | 34 | @a婴幼儿的语言 |
| 260 | @a北京 :@bPeking University Press,@c2007. | |
| 300 | @axxiii, 415 p. :@bill. ;@c23 cm. +@e1 CD-ROM (4 3/4 in.). | |
| 440 | 0 | @aCollected works of M.A.K. Halliday ;@vv. 4 |
| 504 | @aIncludes bibliographical references (p. 373-381) and index. | |
| 534 | @pReprint. Originally published:@cLondon ; New York : Continuum, c2004.082645870X. | |
| 650 | 0 | @aLanguage acquisition. |
| 700 | 1 | @aWebster, Jonathan,@d1955- |
| 920 | @a232010@z2 | |
| The language of early childhood / / M.A.K. Halliday ; edited by Jonathan Webster.-北京 : : Peking University Press, , 2007. |
| xxiii, 415 p. : : ill. ; ; 23 cm. + + 1 CD-ROM (4 3/4 in.).- (Collected works of M.A.K. Halliday ; v. 4 ) |
| Includes bibliographical references (p. 373-381) and index. |
| ISBN 9787301130124 :CNY55.00. |
| ● |
| 相关链接 |
|
|
|
|
正题名:language of early childhood
索取号:H003/x185
 
预约/预借
| 序号 | 登录号 | 条形码 | 馆藏地/架位号 | 状态 | 备注 |
| 1 | 17906 | 300179063 | 第二样本阅览室/ [索取号:H003/x185] | 在馆 | |
| 2 | 17907 | 300179072 | 第四借阅区/ [索取号:H003/x185] | 在馆 | |
| 3 | 17908 | 300179081 | 第四借阅区/ [索取号:H003/x185] | 在馆 | |
| 4 | 17909 | 300179090 | 第四借阅区/ [索取号:H003/x185] | 在馆 | |
| 5 | 17910 | 300179107 | 第四借阅区/ [索取号:H003/x185] | 在馆 | |
| 6 | 17911 | 300179116 | 第四借阅区/ [索取号:H003/x185] | 在馆 |